000
00322nam a2200145Ia 4500
008
230718s9999 xx 000 0 und d
041
_a
Eng.
082
_a
973312
_b
HAS-S
100
_a
Hashmi, Iqbal
245
0
_a
Stamp Act 1900
260
_a
Pakistan
_b
Punjab Law
_c
2014
300
_a
239
650
_a
Law
999
_c
30831
_d
30831